000 00271nam a22001097a 4500
082 _a539.7 BUS'A
100 _aBUSH, H.D
_959668
245 _aATOMIC AND NUCLEAR PHYSICS THEORETICAL PRINCIPLES
260 _aNEW JERSEY
_bPRANTIC HALL
_c1962
300 _a218P
942 _cBK
999 _c569590
_d569590